Estatísticas para Países mais próximos de Tuvalu - um minuto corrida

Clique aqui para jogar o quiz

Estatísticas Gerais

  • Esse quiz foi jogado 25 vezes
  • A pontuação média é 13 de 20

Estatísticas das Respostas

kmpaís% Correto
3199Austrália
95%
343Kiribati
90%
2946Nova Zelândia
90%
1160Nauru
85%
4827Palau
85%
318Fiji
80%
893Samoa
80%
749Tonga
80%
3883Indonésia
75%
1399Ilhas Marshall
70%
1364Ilhas Salomão
70%
3409Micronésia
70%
1303Vanuatu
70%
5679Filipinas
65%
2226Papua Nova Guiné
65%
5393Timor-Leste
55%
6427Malásia
40%
4002Estados Unidos
25%
1460Niue
10%
1604Ilhas Cook
5%

Distribuição das Pontuações

Percentil de Números Respondidos

Porcentagem de Pessoas com Cada Pontuação

Sua Pontuação Histórica

Você não jogou esse quiz